Akta Kastam & Peraturan-peraturan (Akta 235) : (Record no. 4830)
[ view plain ]
| 000 -LEADER | |
|---|---|
| fixed length control field | nam a22 7a 4500 |
| 003 - CONTROL NUMBER IDENTIFIER | |
| control field | AKMAL |
| 005 - DATE AND TIME OF LATEST TRANSACTION | |
| control field | 20200710095049.0 |
| 008 - FIXED-LENGTH DATA ELEMENTS--GENERAL INFORMATION | |
| fixed length control field | 200710s2020 my l 00 may d |
| 020 ## - INTERNATIONAL STANDARD BOOK NUMBER | |
| International Standard Book Number | 9789677014084 |
| Terms of availability | RM 42 |
| 040 ## - CATALOGING SOURCE | |
| Original cataloging agency | AKMAL |
| 082 04 - DEWEY DECIMAL CLASSIFICATION NUMBER | |
| Classification number | 343.595056 MAL |
| 090 00 - LOCALLY ASSIGNED LC-TYPE CALL NUMBER (OCLC); LOCAL CALL NUMBER (RLIN) | |
| Classification number (OCLC) (R) ; Classification number, CALL (RLIN) (NR) | 343.595056 |
| Local cutter number (OCLC) ; Book number/undivided call number, CALL (RLIN) | MAL |
| 110 1# - MAIN ENTRY--CORPORATE NAME | |
| Corporate name or jurisdiction name as entry element | Malaysia |
| 9 (RLIN) | 400 |
| 245 10 - TITLE STATEMENT | |
| Title | Akta Kastam & Peraturan-peraturan (Akta 235) : |
| Remainder of title | (Pindaan hingga 01 Januari 2020) / |
| Statement of responsibility, etc. | Disusun semula oleh : Penasihat Undang-Undang MDC |
| 260 ## - PUBLICATION, DISTRIBUTION, ETC. | |
| Place of publication, distribution, etc. | Taman Permata, Gombak : |
| Name of publisher, distributor, etc. | MDC Publishers Sdn. Bhd, |
| Date of publication, distribution, etc. | 2020 |
| 300 00 - PHYSICAL DESCRIPTION | |
| Extent | 289ms. ; |
| Dimensions | 24cm |
| 599 ## - LOCAL NOTE | |
| Local Note | DALAM PROSES |
| 650 #0 - SUBJECT ADDED ENTRY--TOPICAL TERM | |
| Topical term or geographic name entry element | Tariff |
| General subdivision | Law and legislation |
| Geographic subdivision | Malaysia |
| 9 (RLIN) | 20 |
| 650 #0 - SUBJECT ADDED ENTRY--TOPICAL TERM | |
| Topical term or geographic name entry element | Customs administration |
| General subdivision | Law and legislation |
| Geographic subdivision | Malaysia |
| 9 (RLIN) | 9194 |
| 710 2# - ADDED ENTRY--CORPORATE NAME | |
| Corporate name or jurisdiction name as entry element | Penasihat Undang-Undang MDC |
| 9 (RLIN) | 405 |
| 942 ## - ADDED ENTRY ELEMENTS (KOHA) | |
| Source of classification or shelving scheme | |
| Koha item type | Book |
| Withdrawn status | Lost status | Source of classification or shelving scheme | Damaged status | Not for loan | Collection code | Home library | Current library | Shelving location | Date acquired | Inventory number | Total Checkouts | Full call number | Barcode | Date last seen | Price effective from | Koha item type | Date last checked out | Total Renewals |
|---|---|---|---|---|---|---|---|---|---|---|---|---|---|---|---|---|---|---|
| NON-FICTION | AKMAL Melaka | AKMAL Melaka | PINJAMAN | 10.07.2020 | 011312 | 343.595056 MAL | 201707865 | 10.07.2020 | 10.07.2020 | Book | ||||||||
| NON-FICTION | AKMAL Melaka | AKMAL Melaka | PINJAMAN | 10.07.2020 | 011313 | 3 | 343.595056 MAL | 201707866 | 13.09.2024 | 10.07.2020 | Book | 09.09.2024 | ||||||
| NON-FICTION | AKMAL Melaka | AKMAL Melaka | PINJAMAN | 10.07.2020 | 011314 | 6 | 343.595056 MAL | 201707867 | 13.09.2024 | 10.07.2020 | Book | 09.09.2024 | 2 | |||||
| NON-FICTION | AKMAL Melaka | AKMAL Melaka | PINJAMAN | 10.07.2020 | 011315 | 1 | 343.595056 MAL | 201707868 | 13.09.2024 | 10.07.2020 | Book | 09.09.2024 | ||||||
| NON-FICTION | AKMAL Melaka | AKMAL Melaka | PINJAMAN | 10.07.2020 | 011316 | 4 | 343.595056 MAL | 201707869 | 13.09.2024 | 10.07.2020 | Book | 09.09.2024 |
